Le big bon mot 2 (click quiz) - Statistiques

Statistiques générales
  • Ce quiz a été pris 38 fois
  • Le résultat moyen est 4 sur 8
Statistiques - réponses
Hint Réponse % Correct
J'aime regarder .......... garçons Leg
81%
.......... pére Noël, comme j'ai été bien sage, je voudrais un yacht Chair
58%
Elle est belle, mais .......... gars est vraiment laid, lui Song
55%
Allo tonton, pourquoi tu .......... ? Tooth
55%
Tu as déjà voyagé sur la compagnie aérienne : Adulte .......... ? Hair
52%
Le cuir, c'est quand même mieux que le .......... Sky
45%
.......... un coup, ça te détendra Tear
42%
Tu as peur du grand méchant loup ? Ne t'inquiète pas, .......... moi. Snake
19%
Aucun quiz correspondant
Distribution des résultats
% des personnes avec chaque résultat
Percentile par nombre de réponses
Votre historique - résultats
Vous n’avez pas pris ce quiz